000 00522nam a2200193Ia 4500
003 GCL
008 140319s9999 xx 000 0 eng d
040 _aGCL /
_cGCL
082 0 4 _a909.82805
_bP S
100 1 _aPAXTON, JOHN
245 1 0 _aTHE STATESMAN'S YEAR BOOK 1988 - 1989 /
_cPAXTON, JOHN
260 _a[S.N] :
_bMac Millan Press ،
_c1988
300 _a1701 P
650 0 4 _aHISTORY
650 0 4 _aWORLD HISTORY
650 0 4 _aWORLD HISTORY 1980 - 1989
650 0 4 _aSOCIAL CONDTIONS - SERIALS
942 _2ddc
_cBK
999 _c13561
_d13561